00473nam a22001457a 4500020001500000082001700015100002300032245006500055260005200120300000700172650002200179942000700201952010200208999001700310 a8174354336 a500.8297 QUR aQureshi, Mazhar M. aIntroduction to Muslim Contributions to Science & Technology aNew DelhibAdam Publishers & Distributorsc2007 a83 aIslam and Science cBK 00104070aHMIbHMIcGENd2018-07-27g95.00l0o500.8297 QURp024344r2018-07-27w2018-07-27yBK c21244d21244